000
00286nam a22001337a 4500
008
170522b xxu||||| |||| 00| 0 eng d
020
_a
9780618370412
041
_a
eng
080
_2
5TH
_a
94
100
_a
16
101
_a
SHH
245
_a
THE HUMAN RECORD
_c
ANDREA
942
_2
udc
_c
BK
999
_c
13808
_d
13808